000
00276nam a2200109Ia 4500
008
230907s9999||||xx |||||||||||||| ||und||
082
_a
530.41
_b
KIT
245
0
_a
Introduction to solid state physics /
260
_a
Wiley,
_b
New Delhi :
_c
2018
300
_a
680 p.
942
_c
BK
999
_c
598884
_d
598884